000
00260nam a2200109Ia 4500
008
190914s9999||||xx |||||||||||||| ||und||
100
_a
Doctor Syed Abdullah
245
0
_a
Wali Say Iqbal Tak
260
_a
Lahore
_b
Sang-e-Meel
_c
2000
300
_a
329
942
_c
BK
999
_c
9278
_d
9278